| 000 | 00772nas a2200253 4500 | ||
|---|---|---|---|
| 001 | BR9602458 | ||
| 003 | BR-BrBNA | ||
| 005 | 20231205094721.0 | ||
| 007 | ta | ||
| 008 | 230509b bl.|||p| |||| 00| 00por d | ||
| 040 |
_aBR-BrBNA _bpor _cBiblioteca Nacional de Agricultura |
||
| 041 | _a(Pt) | ||
| 072 | _aL40 | ||
| 100 | 1 | _aSilva, T.P. da | |
| 100 | 1 | _aOrsi, A.M. | |
| 100 | 1 | _aGomes, E.R.C. | |
| 245 | 1 | _aCaracteristicas morfologicas do ducto deferente do hamster dourado (Mesocricetus auratus, W.) | |
| 650 | _aHamster | ||
| 650 | _aAnatomia Animal | ||
| 650 | _aMorfologia Animal | ||
| 773 | 0 |
_tRevista de Ciencias Biomedicas (Brazil) _xISSN 0101-322x _g(1995), v. 16 p. 37-45 _wBR9602458 |
|
| 909 |
_a202311 _bLúcia _c55 _dLúcia Elande |
||
| 942 |
_2AGRIS _n0 _cANA |
||
| 999 |
_c146334 _d146334 |
||